书目信息 |
| 题名: |
遥感数字图像处理
|
|
| 作者: | 汤国安 编著 | |
| 分册: | ||
| 出版信息: | 北京 科学出版社 2004 |
|
| 页数: | 274页 | |
| 开本: | 20cm | |
| 丛书名: | ||
| 单 册: | ||
| 中图分类: | TP751.1 | |
| 科图分类: | ||
| 主题词: | 遥感图象--图象解译 , 遥感图象--图象识别 , 遥感图象--图象处理 | |
| 电子资源: | ||
| ISBN: | 7-03-012631-9 | |
| 000 | 00611nam0 2200205 450 | |
| 001 | 0735592734 | |
| 005 | 20070906095312.73 | |
| 010 | @a7-03-012631-9@d¥27.00 | |
| 100 | @a20070906d km y0chiy0120 ea | |
| 101 | 0 | @achi |
| 200 | 1 | @a遥感数字图像处理@Ayao gan shu zi tu xiang chu li@f汤国安等编著@Ftang guo an deng bian zhu |
| 210 | @a北京@c科学出版社@d2004 | |
| 215 | @a274页@d20cm | |
| 606 | 0 | @a遥感图象@x图象解译 |
| 606 | 0 | @a遥感图象@x图象识别 |
| 606 | 0 | @a遥感图象@x图象处理 |
| 690 | @aTP751.1@v3 | |
| 701 | 0 | @a汤国安@Atang guo an@4编著 |
| 801 | 0 | @aCN@bPFT@c20070906 |
| 905 | @a213230@dTP751.1@ep2@f1 | |
| 遥感数字图像处理/汤国安等编著.-北京:科学出版社,2004 |
| 274页;20cm |
| ISBN 7-03-012631-9:¥27.00 |
| ● |
| 相关链接 |
|
|
|
|
正题名:遥感数字图像处理
索取号:TP751.1/p2
 
预约/预借
| 序号 | 登录号 | 条形码 | 馆藏地/架位号 | 状态 | 备注 |
| 1 | 7201971 | 272019709 | 密集书库-物理学院/ [索取号:TP751.1/p2] | 在馆 | |
| 2 | 7201972 | 272019718 | 密集书库-物理学院/ [索取号:TP751.1/p2] | 在馆 |